logo

Bir Sreshtho Munshi Abdur Rouf Library
Jhenaidah Cadet College

নজরুল-রচনাবলী / (Record no. 3004)

MARC details
000 -LEADER
fixed length control field 00679nam a2200229 a 4500
001 - CONTROL NUMBER
JCCL Control Number 3004
003 - CONTROL NUMBER IDENTIFIER
JCCL marc code BD-JhCC
005 - DATE AND TIME OF LATEST TRANSACTION
control field 20180423102457.0
008 - FIXED-LENGTH DATA ELEMENTS--GENERAL INFORMATION
fixed length control field 171109s19661996bg |||| ||a| 000 0 ben d
020 ## - INTERNATIONAL STANDARD BOOK NUMBER
International Standard Book Number 9840733796
035 ## - SYSTEM CONTROL NUMBER
system control number (BD-JhCC)3004
040 ## - CATALOGING SOURCE
Original cataloging agency BD-JhCC
Modifying agency BD-JhCC
041 ## - LANGUAGE CODE
Language code of Book ben
082 ## - DEWEY DECIMAL CLASSIFICATION NUMBER
Classification number 891.4415
Author mark and Year NAZ 1996
100 ## - MAIN ENTRY--PERSONAL NAME
Personal name নজরুল-রচনাবলী
245 ## - TITLE STATEMENT
Title নজরুল-রচনাবলী /
Statement of responsibility, etc আবদুল কাদির সম্পাদিত
260 ## - PUBLICATION, DISTRIBUTION, ETC. (IMPRINT)
Place of publication, distribution, etc ঢাকা :
Name of publisher, distributor, etc বাংলা একাডেমী,
Date of publication, distribution, etc 1996
300 ## - PHYSICAL DESCRIPTION
Pagination 957 p. :
Dimensions 22 cm.
650 ## - SUBJECT ADDED ENTRY--TOPICAL TERM
Topical term or geographic name as entry element Collection of Works
942 ## - ADDED ENTRY ELEMENTS (KOHA)
Source of classification or shelving scheme Dewey Decimal Classification
Koha item type Books
Holdings
Source of classification or shelving scheme volume number Damaged status Not for loan Home library Current library Shelving location Date of accession Cost, normal purchase price Total Checkouts Full call number Barcode Date last seen Copy number Koha item type Method of acquisition Currency Source of acquisition
Dewey Decimal Classification V-1     JCC Rouf Library JCC Rouf Library General Stacks 11/09/2017 1000.00   891.4415 NAZ 1996 4750 11/09/2017 C-1 Books      
Dewey Decimal Classification V-5     JCC Rouf Library JCC Rouf Library General Stacks 11/12/2017 100.00   891.4415 NAZ 1996 4565 11/12/2017 C-1 Books Purchase BDT  
Dewey Decimal Classification V-2     JCC Rouf Library JCC Rouf Library General Stacks 11/20/2017 1000.00   891.4415 NAZ 1996 4926 11/20/2017 C-1 Books Purchase BDT  
Dewey Decimal Classification V-4     JCC Rouf Library JCC Rouf Library General Stacks 11/20/2017 1000.00   891.4415 NAZ 1996 4927 11/20/2017 C-1 Books Purchase BDT  
Dewey Decimal Classification V-1     JCC Rouf Library JCC Rouf Library General Stacks   125.00   891.4415 NAZ 1996 19256 04/30/2024 C-2 Books Gift/Donation BDT With The Compliments Of 7th Intake
Dewey Decimal Classification V-2     JCC Rouf Library JCC Rouf Library General Stacks   125.00   891.4415 NAZ 1970 19257 04/30/2024 C-2 Books Gift/Donation BDT With The Compliments Of 7th Intake
Dewey Decimal Classification V-3     JCC Rouf Library JCC Rouf Library General Stacks   125.00   891.4415 NAZ 1977 19258 04/30/2024 C-1 Books Gift/Donation BDT With The Compliments Of 7th Intake
Dewey Decimal Classification V-4     JCC Rouf Library JCC Rouf Library General Stacks   125.00   891.4415 NAZ 1984 19259 04/30/2024 C-2 Books Gift/Donation BDT With The Compliments Of 7th Intake

JCC Library | Contacts | JCC Home

Last Update on 23 September 2017
Copyright @ 2017-2020 JCC Rouf Library
Rouf Library, Jhenidah Cadet College (JCC), Bangladesh